000 00488nam a22001937a 4500
003 MPLRDC
005 20220104125027.0
008 210129b ||||| |||| 00| 0 eng d
020 _a7-5404-1134-1
082 _a857.9 ZGQY-43 v.2
100 _a诸葛青云
245 _a一铃半剑. 下
_c
250 _a一版二刷
260 _a
_b湖南文艺出版社
_c1996
300 _b
490 _a诸葛青云小说专辑
650 _a武侠小说
942 _cBK
_o857.9 ZGQY-43 v.2
999 _c24061
_d24051